000 01012 a2200205 4500
020 _a0130603120
020 _a9780130603128
082 0 4 _a658.72
090 _c949
_d949
100 1 _aHandfield, Robert B.
245 1 0 _aSupply chain redesign :
_btransforming supply chains into integrated value systems /
_cRobert B. Handfield.
260 _a[S.l.] :
_bFT Press,
_c2002.
300 _a400 p. ;
_c23 cm.
500 _aHardcover.
520 _aBrings together the field's latest advances, giving business professionals a complete framework for driving out costs, improving efficiency, and optimizing the business value of any supply chain. Uses real-world examples demonstrating how to enhance collaboration and trust throughout the supply chain.
700 1 _aJr., Ernest L. Nichols.
856 4 0 _3Amazon.com
_uhttp://www.amazon.com/exec/obidos/ASIN/0130603120/chopaconline-20
856 4 0 _3Amazon customer reviews
_uhttp://www.chopac.org/cgi-bin/tools/azrev.pl?q=0130603120
942 _aNBS
_cBK
_k658.72 HAN
999 _c343490
_d343490